• 首页
  • 本馆介绍
  • 公告通知
  • 最新文献
  • 馆藏检索
  • 电子资源
  • 读者导购
  • 参考咨询
  • 我的图书馆
  • 登录
  • 详细信息显示
  • 放入我的书架
  • 预约/预借图书
  • 作者相关作品
  • 分类相关作品
  • 丛书相关作品
  • 出版社相关作品

书目信息

  • 表格格式
  • 工作单格式
  • 卡片格式
题名:
民主社会主义
    
 
作者: 德罗兹 著 ;时波 译
分册:  
出版信息: 上海   上海译文出版社  1986
页数: 403页
开本: 20cm
丛书名:
单 册:
中图分类: D041
科图分类:
主题词: 资产阶级民主革命--关系--社会主义革命 , 新民主主义革命--关系--社会主义革命
电子资源:
ISBN:
000 00814nam0 2200265 45
001 0186019942
005 20050602084135.9
010    @dCNY2.45
091    @a3188.60
100    @a19900802d1986 kemy0chiy0121 ea
101 1  @achi@cfre
102    @aCN@b310000
105    @ay z 000yy
200 10 @a民主社会主义@Amin zhu she hui zhu yi@e1864~1960年@E1864~1960 Nian@f(法)雅克·德罗兹著@F(Fa)Ya Ke·De Luo Zi Zhu@g时波译
210    @a上海@c上海译文出版社@d1986
215    @a403页@d20cm
517    @a1864~1960年@A1864~1960 Nian
606    @a资产阶级民主革命@x关系@x社会主义革命
606 0  @a新民主主义革命@x关系@x社会主义革命
690    @aD041@v3
701  0 @a德罗兹@4著
702  0 @a时波@Ashi bo@4译
801  0 @aCN@b深圳图书馆@c20040429
801  2 @aCN@bNLC@c20040429
905    @dD041@e9@f1@b145293
    
    民主社会主义:1864~1960年/(法)雅克·德罗兹著/时波译.-上海:上海译文出版社,1986
    403页;20cm
    
    
    ISBN :CNY2.45
    
●
相关链接 在E读中查询图书 在五车中查询图书 在当当中查询图书 在豆瓣中查询图书


正题名:民主社会主义     索取号:D041/9         预约/预借

序号 登录号 条形码 馆藏地/架位号 状态 备注
1 0145291   000383944   密集书库/ [索取号:D041/9] 在馆    
2 0145292   001020237   第一借阅区/ [索取号:D041/9] 在馆    
3 0145293   001020228   第一样本阅览室/ [索取号:D041/9] 在馆    
唐山师范学院图书馆 欢迎您!
大连网信软件有限公司© 版权所有